• 首页
  • 本馆介绍
  • 公告通知
  • 最新文献
  • 馆藏检索
  • 电子资源
  • 读者导购
  • 参考咨询
  • 我的图书馆
  • 登录
  • 详细信息显示
  • 放入我的书架
  • 预约/预借图书
  • 作者相关作品
  • 分类相关作品
  • 丛书相关作品
  • 出版社相关作品

书目信息

  • 表格格式
  • 工作单格式
  • 卡片格式
题名:
简明正骨
    
 
作者: ;河南省洛阳地区正骨医院 编写
分册:  
出版信息: 郑州   河南人民出版社  1976
页数: 234页
开本: 19cm
丛书名: 赤脚医生丛书
单 册:
中图分类: R683
科图分类:
主题词: 骨折-中西医结合疗法 , 中西医结合疗法-骨折
电子资源:
ISBN:
000 00785nam2 2200253 45
001 0176000990
005 20060809152855.92
010    @dCNY0.43
100    @a19951214d1976 em y0chiy0121 ea
101 0  @achi
102    @aCN@b410000
105    @ay z 000yy
200 10 @a简明正骨@Ajian ming zheng gu@f河南省洛阳地区正骨医院编写@Fhe nan sheng luo yang di qu zheng gu yi yuan bian xie
210    @a郑州@c河南人民出版社@d1976
215    @a234页@d19cm
225 2  @a赤脚医生丛书
410  0 @120010@a赤脚医生丛书
606    @a骨折-中西医结合疗法
606    @a中西医结合疗法-骨折
690    @aR683@v3
711 02 @a河南省洛阳地区正骨医院@Ahe nan sheng luo yang di qu zheng gu yi yuan@4编写
801  0 @aCN@bTSSF@c20060809
801  2 @aCN@bNLC@c20060424
905    @a10447@dR683@e29
    
    简明正骨/河南省洛阳地区正骨医院编写.-郑州:河南人民出版社,1976
    234页;19cm.-(赤脚医生丛书)
    
    
    ISBN :CNY0.43
    
●
相关链接 在E读中查询图书 在五车中查询图书 在当当中查询图书 在豆瓣中查询图书


正题名:简明正骨     索取号:R683/29         预约/预借

序号 登录号 条形码 馆藏地/架位号 状态 备注
1 0005162   202170890   密集书库/ [索取号:R683/29] 在馆    
2 0451768   204517683   密集书库/ [索取号:R683/29] 在馆    
唐山师范学院图书馆 欢迎您!
大连网信软件有限公司© 版权所有